Classe des médicaments - DCI - Statistiques

Statistiques générales
  • Ce quiz a été pris 51 fois
    50 depuis la dernière actualisation
  • Le résultat moyen est 16 sur 82
Statistiques - réponses
Classe DCI % Correct
Antalgique de classe I en P Paracétamol
71%
Antalgique de classe III en M Morphine
68%
Antalgique de classe III en F Fentanyl
63%
Antalgique de classe II en C Codéine
61%
Antalgique de classe II en T Tramadol
61%
Antibiotique Bêtalactamine Péniciline A Amoxicilline
55%
Anti-agrégants plaquéttaires anti-P2Y12 en C Clopidogrel
55%
Anti-agrégants plaquéttaires en A Aspirine
53%
Antalgique douleurs neuropathiques en G Gabapentine
53%
Antalgique de classe I en N Néfopam
50%
Antidepresseurs douleurs neuro/rhumatho/migraine : IRSNa en V Venlafaxine
50%
Antalgique de classe III en O Oxycodone
45%
Alphabloquant en A Alfusozine
42%
Anesthésiant local aminoamides en Li Lidocaïne
42%
Antalgique douleurs neuropathiques en P Prégabaline
42%
Céphalosporines C3G injectable en Ceftri Ceftriaxone
39%
Anti-arythmique de classe III en A Amiodarone
37%
Antidepresseurs douleurs neuro/rhumatho/migraine : IRSNa en D Duloxetine
37%
Alphabloquant en Ta Tamsulosine
37%
Antalgique de classe II en O Opium
34%
Anti-agrégants plaquéttaires anti-P2Y12 en Ti Ticagrélor
32%
Céphalosporines C3G orale en Cefpo Cefpodoxime
29%
Céphalosporines C2G en Céfur Céfuroxime
29%
Céphalosporines C3G orale en Céfi Céfixime
26%
Antibiotique en F Fosfomycine
26%
Anesthésiant non barbiturique en K Kétamine
24%
Anti-agrégants plaquéttaires anti-P2Y12 en P Prasugrel
24%
Anesthésiant non barbiturique en P Propofol
24%
Céphalosporines C1G en Céfaz Céfazoline
21%
Anti-arythmique de classe I en F Flécaïnide
21%
Alphabloquant en D Doxazosine
18%
Anti-arythmique de classe I en L Lidocaïne
18%
Alphabloquant en P Prazosine
18%
Céphalosporines C3G injectable en Céfé Céfépime
16%
Céphalosporines C3G injectable en Céfo Céfotaxime
16%
Carbapénèmes en I Imipénem
16%
Antibiotique Bêtalactamine Péniciline M en O Oxacilline
16%
Antidepresseurs douleurs neuro/rhumatho/migraine : tricycline Amitryptiline
13%
Carbapénèmes en M Méropénem
13%
Antidepresseurs douleurs neuro/rhumatho/migraine : IRSNa en M Milnacipran
13%
Alphabloquant en S Silodosine
13%
Antibiotique Bêtalactamine Péniciline M en C Cloxacilline
11%
Antibiotique Bêtalactamine Uréidopénicilline Pipéracilline
11%
Anti-arythmique de classe I en Q Quinidine
11%
Anti-agrégants plaquéttaires anti-P2Y12 en Ti Ticlopidine
11%
Céphalosporines C1G en Céfac Céfaclor
8%
Céphalosporines C1G en Céfal Céfalexine
8%
Céphalosporines C2G en Céfo Céfoxitine
8%
Anesthésiant local aminoamides en M Mépivacaïne
8%
Antibiotique Bêtalactamine Péniciline V Oracilline
8%
Anesthésiant local aminoamides en B Bupivacaïne
5%
Céphalosporines C2G en Céfa Céfamandole
5%
Anti-arythmique de classe I en C Cibenzoline
5%
Anti-arythmique de classe I en D Disopyramide
5%
Anti-agrégants plaquéttaires anti-GPIIb IIIa en E Eptifibatide
5%
Carbapénèmes en E Ertapénem
5%
Anetshésiant non barbiturique en É Étomidate
5%
Anti-arythmique de classe I en M Mexilétine
5%
Anti-arythmique de classe I en P Propafénone
5%
Anesthésiant hypnotique en P Protoxyde d'azote
5%
Anti-agrégants plaquéttaires anti-GPIIb IIIa en T Tirofiban
5%
Anti-agrégants plaquéttaires anti-GPIIb IIIa en A Abciximab
3%
Curare non dépolarisant en A Atracurium
3%
Monobactame en A Aztronam
3%
Antibiotique Bêtalactamine Péniciline G Benzatine-benzyl-pénicilline
3%
Céphalosporines C3G orale en Cefo Cefotiam
3%
Céphalosporines C3G injectable en Ceftra Ceftrazidime
3%
Anesthésiant local aminoester en C Chloroprocaïne
3%
Curare non dépolarisant en C Cisatracurium
3%
Gaz halogéné en D Desflurane
3%
Gaz halogéné en I Isoflurane
3%
Anesthésiant local aminoamides en Lé Lévobupivacaïne
3%
Curare non dépolarisant en M Mivacurium
3%
Anesthésiant local aminoester en P Procaïne
3%
Curare non dépolarisant en R Rocuronium
3%
Anesthésiant local aminoamides en R Ropivacaïne
3%
Gaz halogéné en S Sévoflurane
3%
Curare dépolarisant Succinylcholine
3%
Alphabloquant en Té Térazosine
3%
Anesthésiant local aminoester en T Tétracaïne
3%
Anesthésiant barbiturique Thiopental
3%
Carbapénèmes en D Doripénem
0%
Aucun quiz correspondant
Distribution des résultats
% des personnes avec chaque résultat
Percentile par nombre de réponses
Votre historique - résultats
Vous n’avez pas pris ce quiz depuis la dernière actualisation